000
00316nam a2200133Ia 4500
008
240624s9999 xx 000 0 und d
041
_a
eng
082
_a
891.46 BAP
100
_a
BAPAT B G
245
_a
BABA AMTE
260
_c
2007
_a
Pune
_b
Rajhans Prakashan
300
_a
xv, : 239 : p. : cm. ; 21
365
_c
RS
_b
20
999
_c
6885
_d
6885